[Event "Outaouais-ch B"]
[Site "Gatineau CAN"]
[Date "1999.05.04"]
[Round "1"]
[White "Lacourse, Guy"]
[Black "Legault, Stephane"]
[Result "1-0"]
[WhiteElo "1614"]
[BlackElo "1461"]
[PlyCount "139"]
[GameId "2160767911805108"]
[EventDate "1999.05.04"]
[EventType "swiss"]
[EventRounds "5"]
[EventCountry "CAN"]

1. d4 d5 2. c4 dxc4 3. Nf3 Nf6 4. Nc3 c6 5. a4 Nd5 6. e4 Nxc3 7. bxc3 b5 8. axb5 cxb5 9. Ba3 g6 10. Ne5 Bg7 11. Nxf7 Kxf7 12. Qf3+ Ke8 13. e5 Nc6 14. Qxc6+ Bd7 15. Qe4 Rc8 16. Bb4 Bc6 17. Qe3 Qd7 18. f3 Bd5 19. Be2 Rf8 20. O-O Kf7 21. g4 Kg8 22. f4 Bh6 23. h3 Rf7 24. g5 Bg7 25. Bg4 e6 26. Bc5 Ra8 27. Ra6 Bf8 28. Bxf8 Rfxf8 29. Rfa1 Rfd8 30. Rd6 Qe8 31. Rda6 Rd7 32. Kh2 Re7 33. h4 Qf7 34. Kg3 Rc8 35. Rd6 Rb8 36. Rb1 a5 37. Ra6 Ra7 38. Rd6 b4 39. Qd2 b3 40. Qb2 Rf8 41. Rf1 Re8 42. Ra1 Qb7 43. h5 Ra6 44. Rxa6 Qxa6 45. h6 Qb7 46. Kh4 Be4 47. Kg3 Bc2 48. Bf3 Be4 49. Bg4 Kf7 50. Be2 Bh1 51. Bxc4 Qf3+ 52. Kh2 Qg2+ 53. Qxg2 Bxg2 54. Kxg2 b2 55. Rb1 Rb8 56. Ba2 a4 57. Kf3 a3 58. Ke3 Ke7 59. c4 Kd7 60. d5 Rc8 61. Kd4 exd5 62. cxd5 Rc1 63. d6 Rc6 64. Kd5 Ra6 65. e6+ Ke8 66. Ke5 Ra5+ 67. Ke4 Rf5 68. Bd5 Rxd5 69. Kxd5 a2 70. Rxb2 1-0

[Event "Outaouais-ch B"]
[Site "Gatineau CAN"]
[Date "1999.05.07"]
[Round "2"]
[White "Menard, Marc"]
[Black "Lacourse, Guy"]
[Result "0-1"]
[WhiteElo "1575"]
[BlackElo "1614"]
[PlyCount "112"]
[GameId "2160767911805109"]
[EventDate "1999.05.04"]
[EventType "swiss"]
[EventRounds "5"]
[EventCountry "CAN"]

1. e4 c5 2. f4 e6 3. Nf3 d6 4. Nc3 a6 5. Be2 Nc6 6. d3 Qc7 7. O-O Nf6 8. f5 exf5 9. Bg5 Be7 10. Bxf6 Bxf6 11. Nd5 Qd8 12. Nxf6+ Qxf6 13. c3 fxe4 14. Nd2 Qe7 15. Nxe4 d5 16. Ng3 O-O 17. Qd2 Be6 18. Rae1 Rae8 19. Bg4 Qd7 20. Bh5 Nd8 21. Qg5 h6 22. Qf4 Kh7 23. Re5 Nc6 24. Re3 Nd8 25. Re5 Re7 26. Rfe1 Kg8 27. Nf5 Ree8 28. g4 Bxf5 29. gxf5 Rxe5 30. Qxe5 Nc6 31. Qf4 Re8 32. Kf2 Rxe1 33. Kxe1 Qe7+ 34. Kd2 Qg5 35. Qxg5 hxg5 36. Bf3 Ne7 37. c4 Nxf5 38. Bxd5 Nd6 39. a3 Kf8 40. b4 b6 41. Kc2 Nf5 42. Bb7 Nd4+ 43. Kb2 a5 44. bxc5 bxc5 45. Kc3 Ke7 46. Kd2 Kd6 47. Kc1 Ke5 48. Kd2 Kf4 49. Bg2 g4 50. a4 g5 51. Ke1 Ke3 52. Be4 f5 53. Bg2 Nf3+ 54. Kf1 Nxh2+ 55. Ke1 f4 56. Be4 f3 0-1

[Event "Outaouais-ch B"]
[Site "Gatineau CAN"]
[Date "1999.05.07"]
[Round "2"]
[White "Seguin, Hubert"]
[Black "Legault, Stephane"]
[Result "0-1"]
[WhiteElo "1611"]
[BlackElo "1461"]
[PlyCount "64"]
[GameId "2160767911805110"]
[EventDate "1999.05.04"]
[EventType "swiss"]
[EventRounds "5"]
[EventCountry "CAN"]

1. e4 e5 2. Nf3 Nc6 3. Bb5 d6 4. d4 exd4 5. Nxd4 Bd7 6. Nc3 a6 7. Ba4 g6 8. Be3 Bg7 9. Qd2 Ne5 10. Bb3 c5 11. Nf3 Nxf3+ 12. gxf3 b5 13. a3 c4 14. Ba2 Bh3 15. O-O-O Bg2 16. Rhe1 Bxf3 17. Qxd6 Qxd6 18. Rxd6 Ne7 19. a4 O-O 20. axb5 axb5 21. Kb1 b4 22. Nd5 Nxd5 23. exd5 c3 24. Rb6 cxb2 25. Bc5 Bxd5 26. c4 Bxc4 27. Bxc4 Ra1+ 28. Kc2 Rxe1 29. Rxb4 Rc1+ 30. Kd2 Rd8+ 31. Ke2 Rxc4 32. Rxc4 b1=Q 0-1

[Event "Outaouais-ch B"]
[Site "Gatineau CAN"]
[Date "1999.05.11"]
[Round "3"]
[White "Lacourse, Guy"]
[Black "Roy, Roger"]
[Result "0-1"]
[WhiteElo "1614"]
[BlackElo "1710"]
[PlyCount "64"]
[GameId "2160767911805111"]
[EventDate "1999.05.04"]
[EventType "swiss"]
[EventRounds "5"]
[EventCountry "CAN"]

1. d4 Nf6 2. Nf3 e6 3. c4 Bb4+ 4. Bd2 Bxd2+ 5. Qxd2 d5 6. e3 Ne4 7. Qc2 O-O 8. Bd3 f5 9. Nc3 c6 10. Ne5 Nd7 11. Nxd7 Bxd7 12. Ne2 Qa5+ 13. Nc3 b5 14. Bxe4 fxe4 15. cxb5 cxb5 16. Qd2 Rac8 17. Nxe4 Qxd2+ 18. Nxd2 Rc2 19. Nf3 Rxb2 20. O-O Rc8 21. Ne5 Be8 22. Nd3 Rbc2 23. Nc5 e5 24. Rfc1 Rc4 25. Rxc4 dxc4 26. Rc1 exd4 27. exd4 Bf7 28. Nb7 a6 29. a4 bxa4 30. Kf1 Rc7 31. Nc5 a3 32. Rc3 a2 0-1

[Event "Outaouais-ch B"]
[Site "Gatineau CAN"]
[Date "1999.05.16"]
[Round "5"]
[White "Lacourse, Guy"]
[Black "Seguin, Hubert"]
[Result "0-1"]
[WhiteElo "1614"]
[BlackElo "1611"]
[PlyCount "42"]
[GameId "2160767911805114"]
[EventDate "1999.05.04"]
[EventType "swiss"]
[EventRounds "5"]
[EventCountry "CAN"]

1. d4 Nf6 2. c4 g6 3. Nc3 d5 4. Nf3 Bg7 5. Qb3 dxc4 6. Qxc4 O-O 7. e4 e6 8. Be2 Nc6 9. Bf4 Ne8 10. O-O-O Nd6 11. Qb3 Bd7 12. Bxd6 cxd6 13. Qxb7 Rb8 14. Qa6 Rb6 15. Qa3 Qb8 16. Na4 Rb4 17. b3 Rc8 18. Nb2 Nxd4+ 19. Kd2 Rc2+ 20. Ke1 Rxe2+ 21. Kf1 Rxb2 0-1

[Event "PEI inv."]
[Site "Charlottetown CAN"]
[Date "1999.03.13"]
[Round "3"]
[White "McKim, Fred"]
[Black "Howarth, Anthony"]
[Result "1-0"]
[WhiteElo "2040"]
[BlackElo "2286"]
[PlyCount "103"]
[GameId "2160767911805422"]
[EventDate "1999.03.12"]
[EventType "tourn"]
[EventRounds "5"]
[EventCountry "CAN"]

1. d4 g6 2. e4 Bg7 3. c3 d6 4. Nf3 Nf6 5. Nbd2 O-O 6. Bd3 Nc6 7. O-O e5 8. h3 Nh5 9. Nb3 h6 10. dxe5 dxe5 11. Qe2 Qe7 12. Be3 Nf4 13. Bxf4 exf4 14. Rfe1 Ne5 15. Nxe5 Bxe5 16. Nd2 Rd8 17. Nf3 Bg7 18. e5 Re8 19. Rad1 Be6 20. Qe4 Bxa2 21. Qxf4 Bd5 22. Bc4 Bxc4 23. Qxc4 a5 24. Qb5 c6 25. Qb3 a4 26. Qc4 Ra5 27. Rd6 Bxe5 28. Rxg6+ Kh7 29. Rg4 f5 30. Qd3 Qf7 31. Rh4 Bf6 32. Rxe8 Qxe8 33. Rf4 Qe6 34. g4 Rd5 35. Qc2 b5 36. Rxf5 Rxf5 37. gxf5 Qd5 38. Nh2 h5 39. Nf1 c5 40. Ng3 Kh6 41. Qe2 Qf7 42. Qe3+ Kh7 43. Qxc5 Qb3 44. Qc7+ Kg8 45. Qd6 Kf7 46. Nxh5 Bxc3 47. Qd7+ Kf8 48. bxc3 Qf7 49. Qd8+ Qe8 50. Qxe8+ Kxe8 51. Nf6+ Kf8 52. Nd5 1-0

[Event "Pan-Am op"]
[Site "Toronto CAN"]
[Date "1999.12.26"]
[Round "1"]
[White "Divljan, Igor"]
[Black "Nickoloff, Bryon"]
[Result "0-1"]
[WhiteElo "2208"]
[BlackElo "2513"]
[PlyCount "60"]
[GameId "2160767911741662"]
[EventDate "1999.12.26"]
[EventType "swiss"]
[EventRounds "5"]
[EventCountry "CAN"]

1. d4 Nf6 2. c4 e6 3. Nc3 Bb4 4. Qc2 O-O 5. a3 Bxc3+ 6. Qxc3 b6 7. Nf3 Bb7 8. b4 a5 9. b5 d6 10. e3 Ne4 11. Qc2 Nd7 12. Bd3 f5 13. O-O Rf6 14. Nd2 Rh6 15. f3 Qh4 16. fxe4 Qxh2+ 17. Kf2 Nf6 18. Nf3 Ng4+ 19. Ke1 Qg3+ 20. Kd1 fxe4 21. Bxe4 Rh1 22. Rxh1 Bxe4 23. Qe2 Nf2+ 24. Kd2 Nxh1 25. Bb2 Nf2 26. Rf1 Ng4 27. Ng5 Bf5 28. e4 Nh2 29. Rxf5 exf5 30. Qh5 Qxg2+ 0-1

[Event "Pan-Am op"]
[Site "Toronto CAN"]
[Date "1999.??.??"]
[Round "4"]
[White "Schleifer, Michael"]
[Black "Rositsan, Boris"]
[Result "1-0"]
[WhiteElo "2380"]
[BlackElo "2280"]
[PlyCount "51"]
[GameId "2160767911741663"]
[EventDate "1999.12.26"]
[EventType "swiss"]
[EventRounds "5"]
[EventCountry "CAN"]
[SourceTitle "CFC 2000.04"]
[Source "CFC"]
[SourceDate "2000.04.??"]
[SourceVersionDate "2000.04.??"]
[SourceQuality "1"]

1. d4 Nf6 2. c4 e6 3. Nf3 d5 4. Nc3 Bb4 5. Bg5 h6 6. Bxf6 Qxf6 7. e3 c5 8. a3 cxd4 9. exd4 Bxc3+ 10. bxc3 dxc4 11. Bxc4 O-O 12. O-O Nc6 13. Re1 Rd8 14. Bd3 b6 15. Be4 Bb7 16. Bxc6 Bxc6 17. Ne5 Bb7 18. Re3 Rd5 19. Rg3 Rb5 20. Qc1 Qf5 21. h3 Kh7 22. a4 Rb3 23. Nc4 Be4 24. Nd2 Qd5 25. Re3 Bf5 26. Re5 1-0

[Event "Par equipe"]
[Site "Quebec CAN"]
[Date "1999.11.11"]
[Round "1"]
[White "Hebert, Marc"]
[Black "Perreault, Jacquelin"]
[Result "0-1"]
[WhiteElo "1728"]
[BlackElo "1770"]
[PlyCount "54"]
[GameId "2160767911741909"]
[EventDate "1999.11.11"]
[EventType "team"]
[EventRounds "6"]
[EventCountry "CAN"]

1. e4 c5 2. Nf3 d6 3. d4 cxd4 4. Nxd4 Nf6 5. Nc3 a6 6. f4 g6 7. Bc4 Bg7 8. O-O O-O 9. Kh1 Nxe4 10. Bxf7+ Rxf7 11. Nxe4 Nc6 12. Nf3 Qa5 13. Nfg5 Rf8 14. c3 d5 15. b4 Qd8 16. Qb3 e6 17. Nc5 Qxg5 18. Bd2 Qf5 19. h3 h5 20. Rae1 b6 21. Na4 Rb8 22. Be3 d4 23. cxd4 Nxd4 24. Bxd4 Bxd4 25. Nc3 Bb7 26. Ne2 Bg7 27. Ng3 Qxh3+ 0-1

[Event "Par equipe"]
[Site "Quebec CAN"]
[Date "1999.11.18"]
[Round "2"]
[White "Hebert, Marc"]
[Black "Chouinard, Bastien"]
[Result "1-0"]
[WhiteElo "1728"]
[BlackElo "1736"]
[PlyCount "47"]
[GameId "2160767911741910"]
[EventDate "1999.11.11"]
[EventType "team"]
[EventRounds "6"]
[EventCountry "CAN"]

1. e4 e5 2. Nf3 Nc6 3. d4 exd4 4. Nxd4 Bc5 5. Nb3 Bb6 6. Nc3 a6 7. Nd5 Ba7 8. Qg4 g6 9. Bg5 f6 10. Bf4 d6 11. Qg3 Ne5 12. O-O-O c6 13. Nxf6+ Qxf6 14. Rxd6 Bxf2 15. Bxe5 Bxg3 16. Bxf6 Bxd6 17. Bxh8 Bf4+ 18. Kb1 Be6 19. Nc5 O-O-O 20. Bd3 Bf7 21. Rf1 Nh6 22. Bf6 Rxd3 23. cxd3 Bxh2 24. Bg7 1-0

[Event "Par equipe"]
[Site "Quebec CAN"]
[Date "1999.11.25"]
[Round "3"]
[White "Moisan, Francois"]
[Black "Hebert, Marc"]
[Result "1-0"]
[WhiteElo "1726"]
[BlackElo "1728"]
[PlyCount "87"]
[GameId "2160767911741911"]
[EventDate "1999.11.11"]
[EventType "team"]
[EventRounds "6"]
[EventCountry "CAN"]

1. e4 e5 2. Nf3 Nc6 3. Bb5 Bc5 4. c3 Qf6 5. O-O Nge7 6. d3 h6 7. Nbd2 a6 8. Ba4 O-O 9. Qe2 b5 10. Bc2 d6 11. h3 Ng6 12. Nb3 Bb6 13. Rd1 a5 14. a4 Ba6 15. Be3 bxa4 16. Rxa4 Nf4 17. Qd2 Nxh3+ 18. Kh2 Nf4 19. g3 Nxd3 20. Bxd3 Bxd3 21. Kg2 Bxe4 22. Rxe4 a4 23. Bxb6 cxb6 24. Nc1 Rfd8 25. Qd5 Ne7 26. Qb5 a3 27. bxa3 Rxa3 28. Qxb6 Nf5 29. Qb4 Raa8 30. Nd3 Rab8 31. Qa3 Qg6 32. Nh4 Nxh4+ 33. Rxh4 Qe6 34. Nb4 Ra8 35. Qb2 e4 36. Nd5 Rdc8 37. Qc2 f5 38. Qb3 Kh7 39. c4 Qe5 40. Qb7 Rcb8 41. Qd7 Rd8 42. Qf7 Rf8 43. Rxh6+ Kxh6 44. Rh1+ 1-0

[Event "Par equipe"]
[Site "Quebec CAN"]
[Date "1999.12.02"]
[Round "4"]
[White "Perreault, Jacquelin"]
[Black "Hebert, Marc"]
[Result "0-1"]
[WhiteElo "1770"]
[BlackElo "1728"]
[PlyCount "48"]
[GameId "2160767911741912"]
[EventDate "1999.11.11"]
[EventType "team"]
[EventRounds "6"]
[EventCountry "CAN"]

1. Nf3 c5 2. e4 e6 3. d4 cxd4 4. Nxd4 a6 5. Nc3 b5 6. a3 Bb7 7. Be2 Ne7 8. Bf4 Ng6 9. Bg3 Be7 10. O-O Nc6 11. Nxc6 Bxc6 12. Bd6 O-O 13. f4 Bxd6 14. Qxd6 f5 15. Bd3 Qb6+ 16. Kh1 Qb7 17. Rae1 Rf6 18. Qd4 Raf8 19. Kg1 fxe4 20. Bxe4 Rxf4 21. Rxf4 Rxf4 22. Bxc6 Qxc6 23. Qe3 Rg4 24. Qf2 Nf4 0-1

[Event "Par equipe"]
[Site "Quebec CAN"]
[Date "1999.12.09"]
[Round "5"]
[White "Chouinard, Bastien"]
[Black "Hebert, Marc"]
[Result "0-1"]
[WhiteElo "1736"]
[BlackElo "1728"]
[PlyCount "60"]
[GameId "2160767911741913"]
[EventDate "1999.11.11"]
[EventType "team"]
[EventRounds "6"]
[EventCountry "CAN"]

1. d4 Nf6 2. c4 e6 3. Nc3 d5 4. Nf3 c6 5. Bg5 Nbd7 6. e3 Qa5 7. Nd2 dxc4 8. Bxf6 Nxf6 9. Nxc4 Qc7 10. Bd3 b5 11. Nd2 b4 12. Na4 Bd6 13. g3 O-O 14. Nc4 e5 15. dxe5 Bxe5 16. Qf3 Bg4 17. Qg2 Rad8 18. Nxe5 Qxe5 19. Bc2 Qb5 20. f3 Rfe8 21. e4 Be6 22. b3 c5 23. Bd1 Rd4 24. Be2 Qc6 25. O-O c4 26. Rac1 c3 27. Nb2 Rd2 28. Nd3 Rxa2 29. Qf2 a5 30. Nc5 Rxe2 0-1

[Event "Par equipe"]
[Site "Quebec CAN"]
[Date "1999.12.16"]
[Round "6"]
[White "Hebert, Marc"]
[Black "Moisan, Francois"]
[Result "1/2-1/2"]
[WhiteElo "1728"]
[BlackElo "1726"]
[PlyCount "118"]
[GameId "2160767911741914"]
[EventDate "1999.11.11"]
[EventType "team"]
[EventRounds "6"]
[EventCountry "CAN"]

1. e4 e5 2. Nf3 Nc6 3. d4 exd4 4. Bc4 Nf6 5. O-O Nxe4 6. Re1 d5 7. Nxd4 Bc5 8. Qh5 Nxd4 9. Rxe4+ Ne6 10. Bxd5 Qf6 11. Qe2 O-O 12. Bxe6 Bxe6 13. Nc3 h6 14. Be3 Bd6 15. Bd4 Qg6 16. Be5 Bxe5 17. Rxe5 c6 18. Re3 Rad8 19. Rg3 Qf6 20. Re1 Rd7 21. Qe3 Qd4 22. Qxh6 Bf5 23. Qh5 Bg6 24. Qe2 Qd2 25. Re3 Qxe2 26. R3xe2 Rfd8 27. f3 Kf8 28. Kf2 Rd2 29. Ne4 R2d7 30. c3 b6 31. h4 f6 32. Rh1 Bf7 33. b3 Rd3 34. c4 a5 35. Rc1 R8d4 36. Re3 Rd1 37. Rxd1 Rxd1 38. Re2 Rd4 39. Ke3 c5 40. Rd2 Rxd2 41. Kxd2 Ke7 42. Ke3 a4 43. Nc3 axb3 44. axb3 Kd6 45. f4 Bg6 46. Ne4+ Kc6 47. g4 b5 48. f5 Bh7 49. h5 bxc4 50. bxc4 Bg8 51. Kd3 Bf7 52. h6 gxh6 53. Nxf6 Kd6 54. Ne4+ Ke5 55. f6 Bg6 56. Ke3 Bf7 57. Nxc5 Kxf6 58. Kd4 Kg5 59. Nd7 Bxc4 1/2-1/2

[Event "Paul Keres mem (24th)"]
[Site "New Westminster CAN"]
[Date "1999.05.21"]
[Round "1"]
[White "Adam, Valerian"]
[Black "Chapman, Erik"]
[Result "0-1"]
[WhiteElo "2315"]
[BlackElo "2016"]
[PlyCount "88"]
[GameId "2160767911809017"]
[EventDate "1999.05.21"]
[EventType "swiss"]
[EventRounds "7"]
[EventCountry "CAN"]

1. e4 c5 2. c4 Nc6 3. Ne2 e5 4. Nbc3 d6 5. Ng3 g6 6. Be2 h5 7. Nd5 Nf6 8. d3 Nxd5 9. cxd5 Nd4 10. Be3 Qa5+ 11. Bd2 Qa6 12. Bc3 Bh6 13. O-O h4 14. Nh1 Nxe2+ 15. Qxe2 f5 16. exf5 Bxf5 17. Bxe5 Bxd3 18. Qe1 O-O 19. Bc3 Rae8 20. Qd1 Bxf1 21. Qxf1 Qxf1+ 22. Kxf1 Bg7 23. f3 Rf5 24. Rd1 Bxc3 25. bxc3 Re3 26. Nf2 Kf8 27. c4 Ke7 28. Ng4 Rc3 29. Re1+ Kd7 30. Re6 Rxc4 31. Nf6+ Rxf6 32. Rxf6 Rd4 33. g4 hxg3 34. hxg3 c4 35. Rf7+ Kc8 36. Ke2 c3 37. Rh7 Rxd5 38. Rh1 Rd2+ 39. Ke3 d5 40. Rc1 d4+ 41. Ke4 c2 42. Kd5 d3 43. Rh1 Kc7 44. Kc5 c1=Q+ 0-1

[Event "Paul Keres mem (24th)"]
[Site "New Westminster CAN"]
[Date "1999.05.21"]
[Round "1"]
[White "Baunok, Zoltan"]
[Black "Small, Hugh"]
[Result "1-0"]
[WhiteElo "2149"]
[BlackElo "1734"]
[PlyCount "59"]
[GameId "2160767911809019"]
[EventDate "1999.05.21"]
[EventType "swiss"]
[EventRounds "7"]
[EventCountry "CAN"]

1. e4 c6 2. d4 d5 3. e5 Bf5 4. Nc3 e6 5. g4 Bg6 6. Nge2 h6 7. Nf4 Bh7 8. Bd3 Bxd3 9. Qxd3 Nd7 10. h4 Ne7 11. Be3 Qb6 12. O-O-O a5 13. g5 Nf5 14. g6 Qa6 15. Qd2 O-O-O 16. gxf7 c5 17. Ng6 Rh7 18. dxc5 Nxe3 19. fxe3 Bxc5 20. Na4 Bf8 21. e4 b5 22. Qc3+ Kb8 23. Nxf8 Nxf8 24. Nc5 Qc6 25. Qxa5 Rc8 26. b4 Nd7 27. exd5 exd5 28. Nxd7+ Qxd7 29. Qb6+ Ka8 30. e6 1-0

[Event "Paul Keres mem (24th)"]
[Site "New Westminster CAN"]
[Date "1999.05.21"]
[Round "1"]
[White "Jose, Marionito"]
[Black "Pechisker, Alfred"]
[Result "0-1"]
[WhiteElo "1883"]
[BlackElo "2221"]
[PlyCount "139"]
[GameId "2160767911809020"]
[EventDate "1999.05.21"]
[EventType "swiss"]
[EventRounds "7"]
[EventCountry "CAN"]

1. e4 c5 2. Nf3 d6 3. d4 cxd4 4. Nxd4 Nf6 5. Nc3 g6 6. Be3 Bg7 7. f3 O-O 8. Qd2 a6 9. Bc4 Qc7 10. Bb3 Nbd7 11. h4 h5 12. Bh6 b5 13. Bxg7 Kxg7 14. g4 Nb6 15. gxh5 Nxh5 16. O-O-O Qc5 17. Rhg1 Qe5 18. Nde2 b4 19. Nd5 Nxd5 20. Bxd5 Rb8 21. Rg5 Qf6 22. Rdg1 Rh8 23. f4 Kf8 24. e5 dxe5 25. fxe5 Qb6 26. Rf1 Bf5 27. Nd4 e6 28. Nxf5 gxf5 29. Bf3 Rd8 30. Qe1 Nf4 31. Kb1 Qd4 32. h5 Nd5 33. Bxd5 Rxd5 34. Qc1 Rxe5 35. Rd1 Qb6 36. b3 Ke7 37. Qf4 Re4 38. Qh2 Kf6 39. Rgg1 Qb8 40. Qh3 Qf4 41. Rdf1 Qh4 42. Qf3 a5 43. Rh1 Qg4 44. Qd3 Qe2 45. Qd6 Qb5 46. h6 Qe5 47. Qd2 Re2 48. Qd3 Qe4 49. Qxe4 Rxe4 50. Rf2 Kg6 51. Rfh2 Rg4 52. Kc1 Kh7 53. Kd2 Rhg8 54. c4 bxc3+ 55. Kxc3 Rg2 56. a4 f4 57. Rh5 R8g5 58. Rxg5 Rxg5 59. b4 axb4+ 60. Kxb4 e5 61. a5 e4 62. a6 f3 63. a7 Rg8 64. Kb5 f2 65. Kc4 Ra8 66. Kd4 f5 67. Ra1 Kxh6 68. Ke3 Rxa7 69. Rh1+ Kg5 70. Kxf2 0-1

[Event "Paul Keres mem (24th)"]
[Site "New Westminster CAN"]
[Date "1999.05.21"]
[Round "1"]
[White "Kostadinov, George"]
[Black "Angelvette, Duane"]
[Result "1-0"]
[WhiteElo "2118"]
[BlackElo "1676"]
[PlyCount "48"]
[GameId "2160767911809021"]
[EventDate "1999.05.21"]
[EventType "swiss"]
[EventRounds "7"]
[EventCountry "CAN"]

1. d4 Nf6 2. c4 g6 3. Nc3 d5 4. cxd5 Nxd5 5. e4 Nxc3 6. bxc3 Bg7 7. Bc4 c5 8. Be3 Nc6 9. Ne2 Qc7 10. Rc1 a6 11. O-O O-O 12. f4 Bg4 13. Qd2 Rfd8 14. f5 Ne5 15. Bd5 Rxd5 16. exd5 Nc4 17. Qd3 b5 18. Ng3 Rd8 19. Qe4 Bxf5 20. Nxf5 gxf5 21. Rxf5 Nd6 22. Qf4 Bh6 23. Qg3+ Bg7 24. Rg5 Ne8 1-0

[Event "Paul Keres mem (24th)"]
[Site "New Westminster CAN"]
[Date "1999.05.21"]
[Round "1"]
[White "Lane, Travis"]
[Black "Neufahrt, Gerhard"]
[Result "1/2-1/2"]
[WhiteElo "1872"]
[BlackElo "2180"]
[PlyCount "95"]
[GameId "2160767911809022"]
[EventDate "1999.05.21"]
[EventType "swiss"]
[EventRounds "7"]
[EventCountry "CAN"]

1. e4 g6 2. d4 Bg7 3. Nc3 d6 4. Be3 Nf6 5. Bd3 O-O 6. f3 Nc6 7. a3 Nh5 8. Nge2 e5 9. Bc4 exd4 10. Nxd4 Ne5 11. Ba2 c6 12. Qd2 b5 13. O-O Qc7 14. Qe2 a5 15. Rfd1 b4 16. axb4 axb4 17. Ncb5 cxb5 18. Bxf7+ Nxf7 19. Rxa8 Qc4 20. Qxc4 bxc4 21. Nc6 Bb7 22. Ne7+ Kh8 23. Rxf8+ Bxf8 24. Bd4+ Bg7 25. Bxg7+ Kxg7 26. Nd5 b3 27. cxb3 cxb3 28. Rd3 Ne5 29. Rxb3 Bxd5 30. exd5 Nf4 31. Rb5 Kf6 32. Kf1 Nc4 33. Kf2 Nd3+ 34. Kg3 Ncxb2 35. Rb7 h6 36. Rh7 h5 37. Rb7 Nc4 38. f4 Ne3 39. Rd7 Nf5+ 40. Kf3 Ne1+ 41. Kf2 Nd3+ 42. Kf3 Nc5 43. Rd8 Na4 44. h3 h4 45. Ra8 Nc3 46. Ra5 Ne7 47. Ra6 Nf5 48. Ra5 1/2-1/2

[Event "Paul Keres mem (24th)"]
[Site "New Westminster CAN"]
[Date "1999.05.21"]
[Round "1"]
[White "Lee, Mau Seng"]
[Black "Berry, Jonathan"]
[Result "0-1"]
[WhiteElo "2033"]
[BlackElo "2383"]
[PlyCount "52"]
[GameId "2160767911809023"]
[EventDate "1999.05.21"]
[EventType "swiss"]
[EventRounds "7"]
[EventCountry "CAN"]

1. e4 e5 2. Nf3 Nc6 3. Bb5 g6 4. O-O Bg7 5. Nc3 Nd4 6. Nxd4 exd4 7. Ne2 c6 8. Bc4 d5 9. exd5 cxd5 10. Bb3 Ne7 11. d3 h6 12. Re1 O-O 13. Bf4 Be6 14. Ng3 Nc6 15. a3 Rc8 16. Rc1 Qb6 17. Rb1 a5 18. Nf1 Qc5 19. Nd2 b5 20. Nf3 a4 21. Ba2 b4 22. Bc1 Bg4 23. h3 Bxf3 24. Qxf3 Qxc2 25. Bf4 b3 26. Re2 bxa2 0-1

[Event "Paul Keres mem (24th)"]
[Site "New Westminster CAN"]
[Date "1999.05.21"]
[Round "1"]
[White "Martinovsky, Ian"]
[Black "Moisseev, Dmitri"]
[Result "0-1"]
[WhiteElo "2220"]
[BlackElo "1875"]
[PlyCount "90"]
[GameId "2160767911804929"]
[EventDate "1999.05.21"]
[EventType "swiss"]
[EventRounds "7"]
[EventCountry "CAN"]

1. Nf3 d5 2. g3 c5 3. Bg2 Nc6 4. c4 Nf6 5. O-O e5 6. cxd5 Nxd5 7. d3 Be7 8. Nbd2 O-O 9. Nc4 Bf6 10. h3 Be6 11. Kh2 b5 12. Ncd2 Nd4 13. Ne1 Rc8 14. e3 Nc6 15. Qe2 a6 16. f4 exf4 17. gxf4 Re8 18. Ne4 Be7 19. Bd2 f5 20. Ng3 Bf6 21. Rc1 Bxb2 22. Rxc5 Qd6 23. Rc2 Bf6 24. Nh5 Be7 25. Rg1 g6 26. Bc1 Kf7 27. Bb2 Rg8 28. Kh1 gxh5 29. Qxh5+ Kf8 30. Qxh7 Ke8 31. Bd4 Kd8 32. Nf3 Nxd4 33. Rxc8+ Kxc8 34. Nxd4 Nxe3 35. Rc1+ Kd7 36. Bc6+ Qxc6+ 37. Nxc6 Bd5+ 38. Kh2 Rg2+ 39. Kh1 Rg7+ 40. Kh2 Rxh7 41. Ne5+ Ke6 42. Rg1 Ng4+ 43. Nxg4 fxg4 44. Rxg4 Kf5 45. a3 Rh6 0-1

[Event "Paul Keres mem (24th)"]
[Site "New Westminster CAN"]
[Date "1999.05.21"]
[Round "1"]
[White "Monteith, Donald"]
[Black "Sokourinski, Sergei"]
[Result "0-1"]
[WhiteElo "1905"]
[BlackElo "2268"]
[PlyCount "108"]
[GameId "2160767911804930"]
[EventDate "1999.05.21"]
[EventType "swiss"]
[EventRounds "7"]
[EventCountry "CAN"]

1. d4 d5 2. Nf3 Nf6 3. g3 Bf5 4. Bg2 e6 5. O-O Bd6 6. c4 c6 7. Nc3 O-O 8. c5 Bc7 9. b4 Nbd7 10. Bb2 e5 11. dxe5 Nxe5 12. Nd4 Bg6 13. Rc1 a6 14. a4 Re8 15. a5 Nc4 16. Ba1 Qd7 17. Nf3 Re7 18. Na4 Rae8 19. e3 Bh5 20. Nb6 Bxb6 21. cxb6 Qc8 22. Qd4 Re4 23. Qc3 R4e7 24. Nh4 Qe6 25. h3 Ne5 26. Qc2 Ne4 27. g4 Bxg4 28. hxg4 Qxg4 29. f3 Qxh4 30. fxe4 Ng4 31. Rf3 Qh2+ 32. Kf1 dxe4 33. Rh3 Qxh3 34. Bxh3 Nxe3+ 35. Ke2 Nxc2 36. Rxc2 e3 37. Rc4 Rd8 38. Bc3 g6 39. Bg4 f5 40. Bf3 Kf7 41. Bxc6 bxc6 42. Rxc6 Rd5 43. Rf6+ Ke8 44. b7 Rxb7 45. Rxa6 Rdb5 46. Kxe3 Rxb4 47. Bxb4 Rxb4 48. Ra8+ Kf7 49. Ra7+ Kg8 50. Ra8+ Kg7 51. Ra7+ Kh6 52. a6 Ra4 53. Ra8 Kg5 54. a7 Kg4 0-1

[Event "Paul Keres mem (24th)"]
[Site "New Westminster CAN"]
[Date "1999.05.21"]
[Round "1"]
[White "Niksic, John"]
[Black "Holubowicz, Kazimiercz"]
[Result "1-0"]
[WhiteElo "2170"]
[BlackElo "1776"]
[PlyCount "100"]
[GameId "2160767911804931"]
[EventDate "1999.05.21"]
[EventType "swiss"]
[EventRounds "7"]
[EventCountry "CAN"]

1. d4 f5 2. Nf3 Nf6 3. c4 e6 4. g3 d6 5. Bg2 Be7 6. Nc3 O-O 7. O-O Qe8 8. b3 Ne4 9. Bb2 c5 10. Qc2 Nxc3 11. Bxc3 cxd4 12. Nxd4 e5 13. Bd5+ Kh8 14. Ne6 Bxe6 15. Bxe6 Qg6 16. Bd5 Nc6 17. e3 Rf6 18. f4 exf4 19. exf4 h5 20. Rae1 Re8 21. Bxf6 Bxf6 22. Qxf5 Bd4+ 23. Kg2 Qxf5 24. Rxe8+ Kh7 25. Be4 g6 26. Bxf5 gxf5 27. Rc8 Bb6 28. Re1 Kg7 29. Re6 Kf7 30. Rxd6 Ne7 31. Rxb6 Nxc8 32. Rxb7+ Ke6 33. Rc7 Ne7 34. Rxe7+ Kxe7 35. Kf3 Kd6 36. b4 Kc6 37. h3 a6 38. g4 fxg4+ 39. hxg4 h4 40. g5 h3 41. Kg3 h2 42. Kxh2 a5 43. a3 Kd6 44. f5 a4 45. g6 Ke7 46. c5 Kf6 47. c6 Ke7 48. g7 Kf7 49. f6 Kg8 50. c7 Kf7 1-0

[Event "Paul Keres mem (24th)"]
[Site "New Westminster CAN"]
[Date "1999.05.21"]
[Round "1"]
[White "Orlov, Georgi"]
[Black "Remedios, Russell"]
[Result "1-0"]
[WhiteElo "2597"]
[BlackElo "2112"]
[PlyCount "117"]
[GameId "2160767911804932"]
[EventDate "1999.05.21"]
[EventType "swiss"]
[EventRounds "7"]
[EventCountry "CAN"]

1. d4 e6 2. c4 b6 3. a3 Bb7 4. Nc3 f5 5. d5 Be7 6. Nf3 Bf6 7. Nd4 Bxd4 8. Qxd4 Qf6 9. Qd3 Ne7 10. d6 Nc8 11. dxc7 Na6 12. Qg3 O-O 13. Bf4 Re8 14. Be5 Qf7 15. Rd1 d6 16. Bxd6 Nxd6 17. Qxd6 Nxc7 18. e3 Rad8 19. Qxd8 Rxd8 20. Rxd8+ Ne8 21. c5 Bc6 22. cxb6 axb6 23. Bb5 Bxb5 24. Nxb5 Qe7 25. Ra8 Qd7 26. Nd4 e5 27. Ne2 Kf7 28. O-O Qd2 29. Nc3 Qxb2 30. Nd5 Qb3 31. Ra7+ Ke6 32. Nb4 b5 33. Rc1 Nd6 34. Na6 Qb2 35. Nc5+ Kd5 36. Nd3 Qd2 37. Nb4+ Ke6 38. Rf1 Nc4 39. Ra6+ Kf7 40. h3 h6 41. Nc6 Qb2 42. Rd1 Nd2 43. Nxe5+ Qxe5 44. Rxd2 Qa1+ 45. Kh2 b4 46. Rd3 bxa3 47. Rdxa3 Qf1 48. Ra2 h5 49. h4 Qc4 50. Ra7+ Kg8 51. R2a4 Qf1 52. Kg3 Qd1 53. Rd4 Qe2 54. Rdd7 Qg4+ 55. Kh2 Qxh4+ 56. Kg1 Qb4 57. Rxg7+ Kh8 58. Rgb7 Qe1+ 59. Kh2 1-0